Vybrané právne aspekty implementácie rozhodnutí SRB

Jednou zo základných čŕt fungovania jednotného mechanizmu riešenia krízových situácií je deľba úloh vyplývajúcich z jeho rámca medzi Jednotnú radu pre riešenie krízových situácií a národné rezolučné orgány . Konzistentnosť ich vzájomnej spolupráce zastrešuje smernica BRRD3 , nariadenie SRMR4 , množ...

Ausführliche Beschreibung

Gespeichert in:
Bibliographische Detailangaben
1. Verfasser: Gajdoš, Tomáš
Format: Buchkapitel
Sprache:Slowakisch
Schlagworte:
Tags: Tag hinzufügen
Keine Tags, Fügen Sie das erste Tag hinzu!

MARC

LEADER 00000naa a2200000 4500
001 0247049
005 20180821072001.7
041 0 |a slo 
044 |a SK 
245 1 0 |a Vybrané právne aspekty implementácie rozhodnutí SRB  |c Tomáš Gajdoš 
520 |a Jednou zo základných čŕt fungovania jednotného mechanizmu riešenia krízových situácií je deľba úloh vyplývajúcich z jeho rámca medzi Jednotnú radu pre riešenie krízových situácií a národné rezolučné orgány . Konzistentnosť ich vzájomnej spolupráce zastrešuje smernica BRRD3 , nariadenie SRMR4 , množstvo technických predpisov a dohoda COFRA5 . Napriek tomu je implementácia rozhodnutí SRB, ktorá je ponechaná primárne na úvahu národných rezolučných orgánov, poznačená pomerne málo konzistentným prístupom jednotlivých národných orgánov a viacerými právnymi nejasnosťami. Právny základ implementácie niektorých druhov rozhodnutí SRB a analýza najčastejšie diskutovaných právnych aspektov týkajúcich sa implementácie rozhodnutí o stanovení požiadavky MREL6, o príspevkoch ex ante do jednotného fondu pre riešenie krízových situácií a o prijatí rezolučnej schémy. 
610 2 0 |a kríza finančná 
610 2 0 |a spolupráca hospodárska medzinárodná 
610 2 0 |a banky 
610 2 0 |a Európsky parlament 
610 2 0 |a ochrana investícií 
610 2 0 |a úver 
610 2 0 |a Slovensko 
610 2 0 |a Európska únia 
100 1 |a Gajdoš, Tomáš